00382nam a22001217a 4500020001600000082000800016100001900024245010100043260003600144300002800180650003000208700002200238 qHard Cover. a616 aMahboob, Aamra aEffect of Alpha-lipoic Acid in AlCl3-Induced mouse modelof Alzheimer's disease /cAamra Mahboob. aIslamabad:bASAB - NUST,c2013. a103 p. :bill. ;c30cm. aVirology MS Ph. D-Thesis. aDr. Tauqeer Ahmed